000 nam a22 7a 4500
999 _c147058
_d147056
005 20190225092320.0
008 190218b mx ||||| |||| 00| 0 spa d
020 _a9702405513
050 0 4 _aBJ1142
_bP56 2005
100 1 _aPiña Osorio, Juan Manuel.
245 1 0 _aÉtica y valores
_c/Juan Manuel Piña Osorio, Maria Eugenia Chávez Arellano.
250 _a1a ed.
260 _aMéxico :
_bPublicaciones cultural,
_c2005.
300 _av. :
_bil. ;
_c25 cm.
504 _aIncluye glosario.
650 7 _2lemb
_aÉtica
650 7 _2lemb
_aValores Sociales
700 1 _aChávez Arellano, Ma Eugenia,
_eautor
942 _2lcc
_cLIB